000 00480nam a2200169 i 4500
001 C2-0235871
003 PPAK
005 20180729161607.0
008 010923s1990 my |||| ||||| | may d
040 _aPPAK
_beng
_cPPAK
_erda
245 0 0 _aOmar Rojik - Jasamu dikenang
264 1 _aKuala Lumpur :
_bJabatan Komunikasi Universiti Kebangsaan Malaysia ,
_c1990
336 _2rdacontent
_atext
337 _2rdamedia
_aunmediated
338 _2rdacarrier
_avolume
942 _ddc
_cB
999 _c164796
_d164796